000 00645nam a2200253 a 4500
001 nice12345678
003 IN_TiNIC
005 20260116011550.0
008 050524s1904 lona grp 000 0 eng
020 _a
_c100
082 0 0 _a891.553
_bKAS
100 _aKashfi, Waiz
245 _aAnwar-I-Suhaili, Or Lights of Canopus
_b Commonly Known as Kalilah and Damana
260 _aLondon
_bJohn Murray
_c1904
300 _a504p
500 _aincludes index and biblioraphy
505 2 _aIndexes
650 _aPersian Literature
650 _aPanchatantra
700 1 _aKashfi, Waiz
902 _bRHR
942 _cBK
999 _c2638
_d2638